000 00719nam a2200253Ia 4500
001 13805
005 20240113235505.0
007 ta
008 051116s1917 a g b000 u 465 u
040 _aCotton College,Assam
041 _a465
082 _a504
_bJ 176 L
100 _aJaeger, F.M..
245 0 _aLectures on The Principle of Symmetry and Its Applications in all Natural Sciences /
_cF.M.Jaeger.
_hTextual Documents
250 _a1st ed. /
260 _aLondon :
_bThe Cambridge University Press ,
_c1917.
300 _a333p. :
_bill ;
_c23cm .
504 _aIndex
653 _aNatural Sciences
653 _aG-Mathematics
942 _2ddc
_cBK
999 _c13791
_d13791